Každý si rád pípne

Čoraz viac Slovákov platí v obchode platobnou kartou a týka sa to aj platieb za drobné položky. Hlavný dôvod bezhotovostného styku je čas a pohodlnosť zákazníka. Stabilné miesto pri nákupe potravín majú gastrolístky, aj keď sa začínajú zavádzať elektronické stravné karty. Zákazníci si takisto obľúbi...

Ausführliche Beschreibung

Gespeichert in:
Bibliographische Detailangaben
1. Verfasser: Halasová, Henrieta
Format: Buchkapitel
Sprache:Slowakisch
Schlagworte:
Tags: Tag hinzufügen
Keine Tags, Fügen Sie das erste Tag hinzu!

MARC

LEADER 00000naa a2200000 4500
001 0238768
005 20180115104025.7
041 0 |a slo 
044 |a SK 
245 1 0 |a Každý si rád pípne  |c Henrieta Halasová 
520 |a Čoraz viac Slovákov platí v obchode platobnou kartou a týka sa to aj platieb za drobné položky. Hlavný dôvod bezhotovostného styku je čas a pohodlnosť zákazníka. Stabilné miesto pri nákupe potravín majú gastrolístky, aj keď sa začínajú zavádzať elektronické stravné karty. Zákazníci si takisto obľúbii samoobslušné a expresné pokladnice. 
610 2 0 |a styk platobný bezhotovostný 
610 2 0 |a Slovensko 
610 2 0 |a správanie spotrebiteľa 
610 2 0 |a karty platobné 
610 2 0 |a platby bezhotovostné 
610 2 0 |a spokojnosť zákazníkov 
100 1 |a Halasová, Henrieta